Lập trình Windows

Nội dung trình bày chi tiết mọi nguyên tắc của việc lập trình trong Windows: từ một nguyên tắc hoạt động của một chương trình trong Windows, thông qua cơ chế các thông điệp, cho đến các nguyên tắc lập trình chuột, bàn phím, timer......

Deskribapen osoa

Gorde:
Xehetasun bibliografikoak
Egile nagusia: Lê, Hữu Đạt
Formatua: Liburua
Hizkuntza:Undetermined
Argitaratua: Hà Nội Giáo Dục 2000
Gaiak:
Etiketak: Etiketa erantsi
Etiketarik gabe, Izan zaitez lehena erregistro honi etiketa jartzen!
Thư viện lưu trữ: Trung tâm Học liệu Trường Đại học Cần Thơ
LEADER 00899nam a2200193Ia 4500
001 CTU_41969
008 210402s9999 xx 000 0 und d
082 |a 005.43769 
082 |b Đ110/T1 
100 |a Lê, Hữu Đạt 
245 0 |a Lập trình Windows 
245 0 |c Lê Hữu Đạt, Hoàng Đức Hải, Lê Phương Lan 
260 |a Hà Nội 
260 |b Giáo Dục 
260 |c 2000 
520 |a Nội dung trình bày chi tiết mọi nguyên tắc của việc lập trình trong Windows: từ một nguyên tắc hoạt động của một chương trình trong Windows, thông qua cơ chế các thông điệp, cho đến các nguyên tắc lập trình chuột, bàn phím, timer... 
650 |a Windows ( computer programs ) 
904 |i Qhieu 
980 |a Trung tâm Học liệu Trường Đại học Cần Thơ